| 000 | 01031nam2a22002171 4500 | ||
|---|---|---|---|
| 001 | v19\rc\2089668 | ||
| 005 | 20250620035343.0 | ||
| 035 | _a(NLR Aleph) 005159750 | ||
| 090 |
_a4976029 _c4976029 |
||
| 100 | _a20081218d1913 |||y0rusy50 ca | ||
| 101 | 0 | _arus | |
| 102 | _aRU | ||
| 105 | _aa z ||||| | ||
| 200 | 1 | _aКлиническое исследование кала | |
| 215 | _a2 л. табл. | ||
| 461 | 0 |
_1001v19\rc\2089663 _12001#$aСтенные таблицы для медицинских лабораторий$fСост. проф. Б.И. Словцовым. 1-6$vV _1700#1$aСловцов$bБ.И.$f1874-1924$gБорис Иванович$4220 _94975985 _aСловцов, Б.И. (1874-1924) _cСанкт-Петербург _d1913 _fСост. проф. Б.И. Словцовым. 1-6 _nК.Л. Риккер _p6 т. _tСтенные таблицы для медицинских лабораторий _vV |
|
| 801 | 0 |
_aRU _bNLR _gpsbo |
|
| 801 | 1 |
_aRU _bProSoft-M _2rusmarc |
|
| 852 |
_aNLR _j18.285.8.136 |
||
| 942 | _cBOOK | ||
| 980 | _aNB | ||